000 01257cam a22002777i 4500
001 18490917
005 20260428045241.0
008 150212t20152015enk b 001 0 eng c
020 _a9781782548423 (hbk.)
084 _a330.156 KIN
100 1 _aKing, J. E.
245 1 0 _aAdvanced introduction to post Keynesian economics /
_cJ.E. King
264 1 _aCheltenham:
_bEdward Elgar Publishing,
_c2015.
300 _aviii, 139 p. ;
_c22 cm.
365 _bRS.1638.00
490 0 _aElgar advanced introductions
504 _aIncludes bibliographical references and index.
505 _a1. Introduction 2. The Core of Post Keynesian Economics 3. What Post Keynesian Macroeconomics is Not 4. Some Methodological Issues 5. Post Keynesian Microeconomics 6. Economic Growth, Development and the World Economy 7. Why it all Matters: Economic Policy 8. A Case Study: The Global Financial Crisis 9. Post Keynesians and Other Schools of Thought 10. Some Final Questions
650 0 _aKeynesian economics.
650 0 _aEconomics.
906 _a7
_bcbc
_cpccadap
_d2
_encip
_f20
_gy-gencatlg
942 _2ddc
_cBK
999 _c39712
_d39712